| 000 | 00947nam a2200253 a 4500 | ||
|---|---|---|---|
| 001 | 61102 | ||
| 003 | BD-RjUL | ||
| 005 | 20211209080925.0 | ||
| 008 | 170115s1979 ja b 000 0 eng | ||
| 035 | _a(BD-RjUL)61226 | ||
| 040 |
_aDLC _cDLC _dBD-RjUL _beng |
||
| 041 | _aeng | ||
| 082 | 0 | 0 |
_a491.1 _223 _bNAA 1979 |
| 100 | 1 |
_aNara, Tsuyoshi. _9182336 |
|
| 245 | 1 | 0 |
_aAvahaṭṭha and comparative vocabulary of new Indo-Āryan languages / _cby Tsuyoshi Nara. |
| 260 |
_aTokyo, Japan : _bInstitute for the Study of Languages and Cultures of Asia and Africa, _cc1979. |
||
| 300 |
_avi, 166, p. ; _c22 cm. |
||
| 650 | 0 |
_aAvahattha language _xVocabulary. _9182337 |
|
| 650 | 0 |
_aIndo-Aryan languages, Modern _xVocabulary. _9182338 |
|
| 650 | 0 |
_aGrammar, Comparative _xAvahattha and Indo-Aryan, Modern. _9182339 |
|
| 650 | 0 |
_aGrammar, Comparative _xIndo-Aryan languages, Modern, and Avahattha. _9182340 |
|
| 942 |
_2ddc _cBK |
||
| 999 |
_c61102 _d61102 |
||